Research Methodology 4th Ed. (Record no. 21617)

MARC details
000 -LEADER
fixed length control field 00350nam a22001457a 4500
008 - FIXED-LENGTH DATA ELEMENTS--GENERAL INFORMATION
fixed length control field 251121b |||||||| |||| 00| 0 eng d
020 ## - INTERNATIONAL STANDARD BOOK NUMBER
ISBN 978-93-8664922-5
100 ## - MAIN ENTRY--AUTHOR NAME
Personal name C. R. Kothari
245 ## - TITLE STATEMENT
Title Research Methodology 4th Ed.
250 ## - EDITION STATEMENT
Edition statement 4th Ed.
260 ## - PUBLICATION, DISTRIBUTION, ETC. (IMPRINT)
Place of publication Lucknow
Name of publisher New Age
Year of publication 2019
300 ## - PHYSICAL DESCRIPTION
Number of Pages 458
650 ## - SUBJECT ADDED ENTRY--TOPICAL TERM
Topical Term Management
942 ## - ADDED ENTRY ELEMENTS (KOHA)
Source of classification or shelving scheme Dewey Decimal Classification
Koha item type Books
Holdings
Accession Number Cost, normal purchase price Source of acquisition Price effective from Koha item type Withdrawn / writtenoff status Damaged status Not for loan Permanent Location Current Location Shelving location Date acquired Lost/ Missing status department
MBA 5254 399.00 Donated By Dr. Gurpreet Kaur (ECE) 11/21/2025 Books       MIET Library, Jammu MIET Library, Jammu 60/4 11/20/2025   MBA